| 000 | 01124nam a2200277 a 4500 | ||
|---|---|---|---|
| 001 | BRCA_3775 | ||
| 005 | 20190320204424.0 | ||
| 008 | 071109s1827----mx-a---###---#000-0#spa-# | ||
| 041 | _aspa | ||
| 044 | _amx | ||
| 050 | 4 |
_aE744 _b.O58 1827 |
|
| 100 | 1 |
_aOnis González y López Vara, Luis de _d?-1827. _99840 |
|
| 245 | 1 | 0 |
_aMemoria sobre las negociaciones entre España y los Estados Unidos de América, que dieron motivo al tratado de 1819, con una noticia sobre la estadística de aquel país _bacompaña un apéndice... _cpor D. Luys de Onys |
| 260 |
_aMéxico _bC. Martin Rivera _c1826 |
||
| 300 |
_a1v. (en varias paginaciones) _c20 cm. |
||
| 500 | _aFacsímil de la edición de Madrid : D.M. de Burgos, 1820. | ||
| 500 | _aB134. | ||
| 651 | 4 |
_aEspaña _xColonias _zAmérica. _92838 |
|
| 651 | 4 |
_aEspaña _vHistoria _xConquista Napoleónica, _y1808-1813. _99841 |
|
| 651 | 4 |
_aEstados Unidos _xRelaciones exteriores _zEspaña. _99842 |
|
| 651 | 4 |
_aEspaña _xRelaciones exteriores _zEstados Unidos. _99843 |
|
| 651 | 4 |
_aFlorida _xHistoria. _99844 |
|
| 651 | 4 |
_aLuisiana _xHistoria. _99845 |
|
| 902 | _aGFM | ||
| 942 |
_2lcc _cB |
||
| 999 |
_c3504 _d3504 |
||